|
|
|
|
| LEADER |
00000nam0a2200000 4500 |
| 001 |
61159 |
| 005 |
20231101211928.0 |
| 010 |
|
|
|a 5241002537
|
| 035 |
|
|
|a (RuTPU)RU\TPU\book\64714
|
| 090 |
|
|
|a 61159
|
| 100 |
|
|
|a 20040304d2004 m y0rusy50 ca
|
| 101 |
0 |
|
|a rus
|
| 102 |
|
|
|a RU
|
| 105 |
|
|
|a y j 001zy
|
| 200 |
1 |
|
|a Туризм и гостиничное хозяйство
|e учебное пособие
|f Под ред. Л. П. Шматько
|
| 210 |
|
|
|a Москва
|c МарТ
|d 2004
|
| 215 |
|
|
|a 352 с.
|
| 320 |
|
|
|a Библиогр.: с. 341-343.
|
| 451 |
|
1 |
|0 (RuTPU)RU\TPU\book\128638
|y 5-241-00535-8
|t Туризм и гостиничное хозяйство
|o учебное пособие
|f под ред. Л. П. Шматько
|c М.
|n МарТ
|d 2007
|p 352 с.
|
| 606 |
1 |
|
|a Туризм
|x Экономика
|2 stltpush
|3 (RuTPU)RU\TPU\subj\53770
|9 71935
|
| 610 |
1 |
|
|a экономика
|
| 610 |
1 |
|
|a туризм
|
| 610 |
1 |
|
|a гостиничное хозяйство
|
| 610 |
1 |
|
|a сервисное обслуживание
|
| 610 |
1 |
|
|a конкуренция
|
| 610 |
1 |
|
|a транспортное обслуживание
|
| 610 |
1 |
|
|a учебные пособия
|
| 686 |
|
|
|a У9(2)43я73
|v LBC/SL-A
|2 rubbk
|
| 702 |
|
1 |
|a Шматько
|b Л. П.
|4 340
|
| 801 |
|
1 |
|a RU
|b 63413507
|c 20040304
|g PSBO
|
| 801 |
|
2 |
|a RU
|b 63413507
|c 20170320
|g PSBO
|
| 900 |
|
|
|a Туризм и гостиничное хозяйство
|
| 900 |
|
|
|a Экономика отечественного и международного туризма
|
| 942 |
|
|
|c BK
|
| 952 |
|
|
|a 520000
|b 020000
|